<?xml version="1.0" encoding="UTF-8"?>
<record
    xmlns:xsi="http://www.w3.org/2001/XMLSchema-instance"
    xsi:schemaLocation="http://www.loc.gov/MARC21/slim http://www.loc.gov/standards/marcxml/schema/MARC21slim.xsd"
    xmlns="http://www.loc.gov/MARC21/slim">

  <leader>01470cam a2200385 a 4500</leader>
  <controlfield tag="001">3361164</controlfield>
  <controlfield tag="005">20220326193338.0</controlfield>
  <controlfield tag="008">021007s2002    it aceh  bc   000 0 eng d</controlfield>
  <datafield tag="020" ind1=" " ind2=" ">
    <subfield code="a">8873360270 :</subfield>
    <subfield code="c">16.00 EUR.</subfield>
  </datafield>
  <datafield tag="035" ind1=" " ind2=" ">
    <subfield code="a">(OCoLC)50745747</subfield>
  </datafield>
  <datafield tag="035" ind1=" " ind2=" ">
    <subfield code="a">(OCoLC)ocm50745747</subfield>
  </datafield>
  <datafield tag="035" ind1=" " ind2=" ">
    <subfield code="a">(NNC)3361164</subfield>
  </datafield>
  <datafield tag="040" ind1=" " ind2=" ">
    <subfield code="a">ItFiC</subfield>
    <subfield code="c">ItFiC</subfield>
    <subfield code="d">CStRLIN</subfield>
    <subfield code="d">CaQMCCA</subfield>
    <subfield code="d">NNC</subfield>
  </datafield>
  <datafield tag="041" ind1="0" ind2=" ">
    <subfield code="a">eng</subfield>
    <subfield code="a">spa</subfield>
  </datafield>
  <datafield tag="043" ind1=" " ind2=" ">
    <subfield code="a">nwcu---</subfield>
  </datafield>
  <datafield tag="045" ind1=" " ind2=" ">
    <subfield code="a">x4x-</subfield>
  </datafield>
  <datafield tag="082" ind1="1" ind2="4">
    <subfield code="a">709.040.75</subfield>
    <subfield code="b">G212c</subfield>
  </datafield>
  <datafield tag="090" ind1=" " ind2=" ">
    <subfield code="a">N44.G212</subfield>
    <subfield code="b">C3 2002</subfield>
  </datafield>
  <datafield tag="110" ind1=" " ind2=" ">
    <subfield code="a">Documenta</subfield>
    <subfield code="9">4223</subfield>
  </datafield>
  <datafield tag="245" ind1="0" ind2="0">
    <subfield code="a">Carlos Garaicoa :</subfield>
    <subfield code="b">continuity of somebody's architecture = continuidad de una arquitectura ajena : project for Documenta 11, Platform 5, Kassel, Germany, June 8-September 15, 2002.</subfield>
  </datafield>
  <datafield tag="246" ind1="3" ind2="0">
    <subfield code="a">Continuity of somebody's architecture</subfield>
  </datafield>
  <datafield tag="246" ind1="3" ind2="0">
    <subfield code="a">Continuidad de una arquitectura ajena</subfield>
  </datafield>
  <datafield tag="260" ind1=" " ind2=" ">
    <subfield code="a">Siena :</subfield>
    <subfield code="b">Gli ori,</subfield>
    <subfield code="c">2002.</subfield>
  </datafield>
  <datafield tag="300" ind1=" " ind2=" ">
    <subfield code="a">61, [2] p. :</subfield>
    <subfield code="b">ill. (some col.), facsims., plans, ports. ;</subfield>
    <subfield code="c">21 cm.</subfield>
  </datafield>
  <datafield tag="504" ind1=" " ind2=" ">
    <subfield code="a">Includes bibliographical references (p. 57-58).</subfield>
  </datafield>
  <datafield tag="546" ind1=" " ind2=" ">
    <subfield code="a">Text in English and Spanish.</subfield>
  </datafield>
  <datafield tag="600" ind1="1" ind2="0">
    <subfield code="a">Garaicoa, Carlos.</subfield>
    <subfield code="9">4224</subfield>
  </datafield>
  <datafield tag="654" ind1="2" ind2=" ">
    <subfield code="c">f</subfield>
    <subfield code="b">Cuban</subfield>
    <subfield code="c">h</subfield>
    <subfield code="a">artists.</subfield>
    <subfield code="2">aat</subfield>
  </datafield>
  <datafield tag="654" ind1="2" ind2=" ">
    <subfield code="c">k</subfield>
    <subfield code="a">Art</subfield>
    <subfield code="c">z</subfield>
    <subfield code="b">Cuba</subfield>
    <subfield code="c">y</subfield>
    <subfield code="b">1990-2010.</subfield>
    <subfield code="2">aat</subfield>
  </datafield>
  <datafield tag="654" ind1="2" ind2=" ">
    <subfield code="c">p</subfield>
    <subfield code="a">Architecture (object genre)</subfield>
    <subfield code="c">z</subfield>
    <subfield code="b">Cuba</subfield>
    <subfield code="c">y</subfield>
    <subfield code="b">1990-2010.</subfield>
    <subfield code="2">aat</subfield>
  </datafield>
  <datafield tag="654" ind1="2" ind2=" ">
    <subfield code="c">b</subfield>
    <subfield code="a">Influence.</subfield>
    <subfield code="2">aat</subfield>
  </datafield>
  <datafield tag="655" ind1="0" ind2="7">
    <subfield code="c">v</subfield>
    <subfield code="a">Exhibition catalogs.</subfield>
    <subfield code="2">aat</subfield>
    <subfield code="9">2291</subfield>
  </datafield>
  <datafield tag="711" ind1="2" ind2=" ">
    <subfield code="a">Documenta</subfield>
    <subfield code="n">(11th :</subfield>
    <subfield code="d">2001-2002 :</subfield>
    <subfield code="c">Vienna, Austria; Berlin, Germany).</subfield>
    <subfield code="e">Platform 5.</subfield>
    <subfield code="9">4225</subfield>
  </datafield>
  <datafield tag="999" ind1=" " ind2=" ">
    <subfield code="c">790</subfield>
    <subfield code="d">790</subfield>
  </datafield>
  <datafield tag="952" ind1=" " ind2=" ">
    <subfield code="0">0</subfield>
    <subfield code="1">0</subfield>
    <subfield code="2">ddc</subfield>
    <subfield code="4">0</subfield>
    <subfield code="7">0</subfield>
    <subfield code="a">LV</subfield>
    <subfield code="b">LV</subfield>
    <subfield code="c">Monograf&#xED;as</subfield>
    <subfield code="d">2015-11-25</subfield>
    <subfield code="l">0</subfield>
    <subfield code="o">709.040.75 G212c</subfield>
    <subfield code="p">000791</subfield>
    <subfield code="r">2015-11-25 00:00:00</subfield>
    <subfield code="w">2015-11-25</subfield>
    <subfield code="y">01</subfield>
  </datafield>
</record>
